000 00919nas a2200301 4500
001 BR2015001002
003 BR-BrBNA
005 20231205125030.0
007 ta
008 230509b bl.|||p| |||| 00| 00por d
040 _aBR-BrBNA
_bpor
_cBiblioteca Nacional de Agricultura
041 _a(Pt)
072 _aQ03; E70
100 1 _aSantos, A.F. dos
100 1 _aConceição, S.I.O. da
100 1 _aMonteiro, S.G.
100 1 _aPadilha, L.L.
245 1 _aÍndice de absorção de água em carcaças de frangos congeladas comercializadas em São Luís, MA
650 _aFRANGO
650 _aCARNE
650 _aÁGUA
650 _aCOMERCILIZAÇÃO
650 _aADULTERAÇÃO
650 _aCONTROLE DE QUALIDADE
773 0 _tHigiene Alimentar (Brazil)
_xISSN 0101-9171
_g(Mar-Apr 2014), v. 28(230-231) p. 147-152
_wBR2015001002
909 _a202311
_bLúcia
_c55
_dLúcia Elande
942 _2AGRIS
_n0
_cANA
999 _c242239
_d242239